| 000 | 01268nam a2200289 a 4500 | ||
|---|---|---|---|
| 001 | ebr10492623 | ||
| 003 | CaPaEBR | ||
| 006 | m u | ||
| 007 | cr cn||||||||| | ||
| 008 | 110922s2011 ts a sb 000 0 eng d | ||
| 020 | _z9781608052462 | ||
| 040 |
_aCaPaEBR _cCaPaEBR |
||
| 035 | _a(OCoLC)759158480 | ||
| 050 | 1 | 4 |
_aJF1351 _b.C88 2011eb |
| 100 | 1 | _aCutting, Bruce. | |
| 245 | 1 | 0 |
_aRefounding political governance _h[electronic resource] : _bthe metaphysics of public administration / _cby Bruce Cutting & Alexander Kouzmin. |
| 260 |
_a[Saif Zone, Sharjah, United Arab Emirates] : _bBentham Science Publishers Ltd., _c[2011] |
||
| 300 |
_aii, 223 p. : _bill. (some col.). |
||
| 490 | 0 |
_aPublic policy, administration and management, _x2211-2944 |
|
| 504 | _aIncludes bibliographical references. | ||
| 533 |
_aElectronic reproduction. _bPalo Alto, Calif. : _cebrary, _d2011. _nAvailable via World Wide Web. _nAccess may be limited to ebrary affiliated libraries. |
||
| 650 | 0 |
_aPublic administration _xPhilosophy. |
|
| 655 | 7 |
_aElectronic books. _2local |
|
| 700 | 1 | _aKouzmin, Alexander. | |
| 710 | 2 | _aebrary, Inc. | |
| 856 | 4 | 0 |
_uhttp://site.ebrary.com/lib/rucke/Doc?id=10492623 _zAn electronic book accessible through the World Wide Web; click to view |
| 999 |
_c125920 _d125920 |
||